Wersje kreskówkowe państw - Statystyki

Ogólne statystyki
  • Ten quiz został rozwiązany 17 629 razy
  • Średni wynik to 7 z 12
Statystyki odpowiedzi
Obrazkowy Odpowiedź % Poprawnych
Australia
93%
Chorwacja
89%
Japonia
89%
Wielka Brytania
86%
Chiny
81%
Cypr
68%
Somalia
65%
Czad
52%
Bangladesz
40%
Haiti
30%
Paragwaj
28%
Kostaryka
17%
Nie znaleziono quizów pasujących do podanych kryteriów
Rozkład punktacji
Procent ludzi z każdym wynikiem
Percentyl według liczby udzielonych odpowiedzi
Twoja historia wyników
Nie rozwiązałeś tego quizu